LEADER 01314nam0-2200409---450- 001 990003178800203316 005 20081127091707.0 010 $a88-386-6321-1 035 $a000317880 035 $aUSA01000317880 035 $a(ALEPH)000317880USA01 035 $a000317880 100 $a20081127d2007----km-y0itay0103----ba 101 $aita 102 $aIT 105 $a||||||||001yy 200 1 $aTecnologie dei sistemi di controllo$fGianAntonio Magnani, Gianni Ferretti, Paolo Rocco 205 $a2. ed. 210 $aMilano [etc.]$cMcGraw-Hill$d2007 215 $aXV, 432 p.$d24 cm 225 2 $aCollana di istruzione scientifica$iSerie di tecnologia 410 0$12001$aCollana di istruzione scientifica$iSerie di tecnologia 454 1$12001 461 1$1001-------$12001 606 0 $aControlli automatici$xDispositivi 676 $a629.8315 700 1$aMAGNANI,$bGianAntonio$0314707 801 0$aIT$bsalbc$gISBD 912 $a990003178800203316 951 $a629.8315 MAG$b21072 Ing.$c629.8315$d00183528 951 $a629.8315 MAG$b21073 Ing.$c629.8315$d00183533 951 $a629.8315 MAG$b21074 Ing.$c629.8315$d00183538 959 $aBK 969 $aTEC 979 $aFIORELLA$b90$c20081127$lUSA01$h0917 996 $aTecnologie dei sistemi di controllo$9228184 997 $aUNISA LEADER 01458nam 2200469 450 001 9910829007403321 005 20200520144314.0 035 $a(CKB)3710000000103697 035 $a(SSID)ssj0001212421 035 $a(PQKBManifestationID)11688911 035 $a(PQKBTitleCode)TC0001212421 035 $a(PQKBWorkID)11212050 035 $a(PQKB)11583992 035 $a(MiAaPQ)EBC3110548 035 $a(Au-PeEL)EBL3110548 035 $a(CaPaEBR)ebr10857389 035 $a(CaONFJC)MIL588444 035 $a(OCoLC)922977947 035 $a(EXLCZ)993710000000103697 100 $a20140419h20142014 uy 0 101 0 $aeng 135 $aurcnu|||||||| 181 $ctxt 182 $cc 183 $acr 200 10$aPalestine in turmoil$hVolume 2$iRetreat from the mandate, 1937-1939 $ethe struggle for sovereignty, 1933-1939 /$fMonty Noam Penkower ; cover design by Adell Medovoy 210 1$aNew York ;$aBrighton, Massachusetts :$cTouro College Press :$cAcademic Studies Press,$d2014. 210 4$d2014 215 $a1 online resource (407 pages) 300 $aIncludes index. 311 $a1-61811-317-8 607 $aPalestine$xPolitics and government 676 $a956.9404 700 $aPenkower$b Monty Noam$0988608 702 $aMedovoy$b Adell 801 0$bMiAaPQ 801 1$bMiAaPQ 801 2$bMiAaPQ 906 $aBOOK 912 $a9910829007403321 996 $aPalestine in turmoil$94042271 997 $aUNINA